Statistics for Dota 2 alternative hero names

Click here to take the quiz!

General Stats

  • This quiz has been taken 742 times
  • The average score is 24 of 114

Answer Stats

HintAnswer% Correct
Antimage D1Magina
54%
Abaddon (Title) D2Lord of Avernus
52%
Invoker (Name) D1/2Karl
51%
Io D1Wisp
48%
Chen (Title) D2Holy Knight
45%
Lifestealer D2N'aix
43%
Crystal Maiden D2Rylai
40%
Riki (Occupation) D1Stealth assassin
39%
Rubick (title) D2Grand Magus
38%
Dazzle (Title) D2Shadow Priest
38%
Drow Ranger D2Traxex
37%
Kunkka (Title) D1Admiral
35%
Bounty Hunter D2Gondar
35%
Morphling (No alt name)Morphling
35%
Doom D2Lucifer
34%
Axe D2Mogul Khan
34%
Spirit Breaker D2Barathrum
32%
Clinkz (Title/profession) D2Bone Fletcher
32%
Nature's Prophet D2Furion
31%
Mirana (title) D2Priestess of the Moon
31%
Necrophos D2Rotund'jere
31%
Tiny (no alt name)Tiny
31%
Pudge (title)The Butcher
30%
Jakiro (Race/species)Twin Headed Dragon
30%
Sand King D2Crixalis
29%
Templar Assassin D2Lanaya
29%
Clockwerk D2Rattletrap
29%
Lina (Title) D2The Slayer
29%
Queen of Pain D2Akasha
28%
Dragon Knight D2Davion
28%
Lion (Title) D2Demon Witch
28%
Alchemist D2Razzil Darkbrew
28%
Riki (Full name) D1Rikimaru
28%
Meepo D2Geomancer
26%
Disruptor D1Thrall
26%
Juggernaut D2Yurnero
26%
Death Prophet D2Krobelus
25%
Sven (title) D2Rogue Knight
25%
Huskar (Title) D2Sacred Warrior
25%
Ember Spirit D2Xin
25%
Pugna D1Oblivion
24%
Naga Siren D2Slithice
24%
Nyx Assassin D1Anub'arak
23%
Bane D2Atropos
22%
Enigma D1Darchrow
22%
Faceless Void D2Darkterror
22%
Ancient Apparition D2Kaldr
22%
Shadow Shaman D2Rhasta
22%
Elder Titan D1Tauren Chieftain
22%
Keeper of the Light D2Ezalor
21%
Puck (Race/species) D2Faerie Dragon
21%
Phantom Assassin D2Mortred
21%
Lone Druid D2Sylla
21%
Night Stalker D2Balanar
20%
Lycan D2Banehallow
20%
Medusa (Species/race) D2Gorgon
20%
Razor (title)Lightning Revenant
20%
Zeus (Title) D1/2Lord of Heaven
20%
Bloodseeker D2Strygwyr
20%
Terrorblade (title) D1Demon Marauder
19%
Earthshaker D1/2Raigor
19%
Legion Commander D1/2Tresdin
19%
Phantom Lancer D2Azwraith
18%
Sniper D2Kardel Sharpeye
18%
Undying (Title) D2Almighty Dirge
17%
Timbersaw D2Rizzrack
17%
Leshrac (Title) D2Tormented Soul
17%
Centaur Warrunner D2Bradwarden
16%
Earth Spirit D2Kaolin
16%
Beastmaster D2Karroch
16%
Spectre D2Mercurial
16%
Shadow Fiend D2Nevermore
16%
Storm Spirit D2Raijin Thunderkeg
16%
Tusk D1Tuskar
16%
Tidehunter D2Leviathan
15%
Luna (Title) D2Moon Rider
15%
Silencer D2Nortrom
15%
Windranger D2Lyralei
14%
Chaos Knight D1Nessaj
14%
Slark D1Nightcrawler
14%
Invoker (Title)Arsenal Magus
13%
Viper (Species) D1/2Nether Drake
13%
Slardar (Title/occupation)Slithereen Guard
13%
Brewmaster D2Mangix
12%
Wraith King/Skeleton King D1/2Ostarion
12%
Techies (All 3) D2Squee, Spleen and Spoon
12%
Broodmother D2Black Arachnia
11%
Shadow Demon D1Eredar
11%
Bristleback D2Rigwarl
11%
Dark Seer D2Ish'kafel
10%
Troll Warlord D2Jah'rakal
10%
Gyrocopter D2Aurel
9%
Tinker D2Boush
9%
Outworld Devourer D2Harbinger
9%
Phoenix D2Icarus
9%
Batrider D1/WC3Jin'zakk
9%
Omniknight D2Purist Thunderwrath
9%
Skywrath Mage D2Dragonus
8%
Magnus (Species) D2Magnoceros
8%
Vengeful Spirit D2Shendelzare
8%
Enchantress D2Aiushtha
7%
Oracle D1Nerif
7%
Treant Protector D2Rooftrellen
7%
Dragon Knight's Dragon D2Slyrak
7%
Ogre Magi D2Aggron Stonebreak
6%
Venomancer D2Lesale Deathbringer
6%
Ursa (Full name/title) D1/2Ursarine Warrior
6%
Winter Wyvern D2Auroth
5%
Warlock D2Demnok
4%
Lich D2Ethreain
3%
Weaver D2Skitskurr
3%
Visage D1Necro'lic
2%
Slark (Nickname after escape) D2The Thirteenth
2%
Witch Doctor D2Zharvakko
2%

Score Distribution

Percentile by Number Answered

Percent of People with Each Score

Your Score History

You have not taken this quiz